00480nam a2200145Ia 4500003000400000020001800004082001900022100001800041245003100059260006400090300001000154650002900164653011400193700002700307SGT a9780070648180 a621.38173bSAL aSalehi,Masoud aLinear integrated circuits bTata McGraw Hill Education Private LimitedaNew Delhic2012 a662p. aELECTRONICS ENGINEERING  aINTEGRATED CIRCUIT FABRICATION, CIRCUIT CONFIGURATIONS FOR LINEAR ICS, APPLICATIONS OF OPERATIONAL AMPLIFIERS aBhaaskaran,VS Kanchana